| 000 | 01825cab a2200301 4500 | ||
|---|---|---|---|
| 001 | ##L132312 | ||
| 008 | 060125n2006 000 0 eng u | ||
| 035 | _a(Sirsi) u132312 | ||
| 041 | 0 | _aeng | |
| 100 | 1 | _aHumphreys, Emma | |
| 245 | 0 | 0 | _aGet the facts straight |
| 260 | _c2006 | ||
| 490 | 0 |
_aEstates Gazette _v(0603) 21 January 2006, 116-117(2) |
|
| 520 | _aThe first of two "Mainly for students" articles (see also L132467) advises on the preparation and serving of notices in respect of leases. Surveyors and solicitors are often asked to serve notices for client landlords and tenants and this is likely to increase with recent changes under the Commonhold and Leasehold Reform Act 2002 and the Regulatory Reform (Business Tenancies) Order 2003. An invalid notice can have serious consequences, financial and otherwise and can give rise to a claim in negligence against the adviser. Covers the need to clarify the client instructions, the issues relating to the notice, the content of notices and the interpretation of deadlines. Lists relevant case law. | ||
| 590 | _aIKA310106 | ||
| 650 | 2 | 4 | _aMANNAI INVESTMENT CO LTD V EAGLE STAR LIFE ASSURANCE CO LTD UK |
| 650 | 2 | 4 | _aLANDLORD AND TENANT (COVENANTS) ACT 1995 S17 |
| 650 | 2 | 4 | _aLAW OF PROPERTY ACT 1925 S 146 |
| 650 | 2 | 4 | _aREGULATORY REFORM (BUSINESS TENANCIES) (ENGLAND AND WALES) ORDER 2003 |
| 650 | 2 | 4 | _aCOMMONHOLD AND LEASEHOLD REFORM ACT 2002 |
| 650 | 2 | 4 | _aPEER FREEHOLDS LTD V CLEAN WASH INTERNATIONAL LTD |
| 650 | 2 | 4 | _aSPEEDWELL ESTATES LTD AND ANOTHER V DALZIEL AND OTHERS |
| 650 | 2 | 4 | _aBARCLAYS BANK PLC V BEE |
| 650 | 2 | 4 | _aSTARMARK ENTERPRISES V CPL DISTRIBUTION |
| 690 | _aPROPERTY-COMMERCIAL PROPERTY-LEASEHOLD COMMERCIAL PROPERTY-COMMERCIAL LANDLORD AND TENANT-BUSINESS TENANCIES | ||
| 700 | 1 | _aSeitler, Jonathan | |
| 942 | _n0 | ||
| 999 |
_c76395 _d76395 |
||